00600nam a22001937a 450000500170000001000410001702000250005803500140008303500170009703700240011403700130013808200080015110000290015924500760018826000390026427000620030330000200036549000210038520180703153538.0 a1718EN-30 ENG-121830 B-688213-217 c65.00a9788126049905 aEN-105362 aB-688213-217 bSahitya Akadmiadpl bDBAD/PUB a881 aBhattacharyya, Shimantra aIn the human heart :cby Shimanta Bhattacharyyabcollection of poems / aNew Delhi bSahitya Academi c2016 bNew Delhi aRabindra Bhawan, 35, Fiiroz Shah Marge110001 a42p.c21cm(pbk) aNavodaya Series